| 000 | 01104nam a2200325Ia 4500 | ||
|---|---|---|---|
| 001 | Z_5272 | ||
| 003 | CHAP | ||
| 008 | 220113s2005 xx 000 0 und d | ||
| 010 | _a168336 | ||
| 040 | _cCHAP | ||
| 090 | _aTesis A54 1875 | ||
| 100 |
_aAngeles Cruz, Mauricio _95765 |
||
| 245 |
_aEfecto del procesamiento físico del grano de maíz en la engorda intensiva de corderos / _cMauricio Angeles Cruz |
||
| 260 |
_aMéxico : _bEl autor, _c2005 |
||
| 300 | _a78 h. | ||
| 502 | _aTesis (Ingeniero Agrónomo Especialista en Zootecnia) -- UACh, 2005 \ Dirección: Carlos Sánchez del Real; asesoría: Carlos A. Apodaca Sarabia y Melitón Córdoba Alvarez | ||
| 650 |
_aCereales _921370 |
||
| 650 | 0 |
_aCorderos _9142611 |
|
| 650 |
_aGanado ovino _9139065 |
||
| 650 |
_aTipo de procesamiento _9142612 |
||
| 700 |
_a Apodaca Sarabia, Carlos A., asesor _9138969 |
||
| 700 |
_a Córdoba Alvarez, Melitón, asesor _9138996 |
||
| 700 |
_aSánchez del Real, Carlos, director _9139076 |
||
| 901 | _aTESIS A54 1875 | ||
| 902 | _aM | ||
| 910 | _a2005 | ||
| 942 | _c2 | ||
| 942 | _c2 | ||
| 999 |
_c168336 _d168336 |
||